পৃথিবীর ইতিহাস / (Record no. 74109)
[ view plain ]
| 000 -LEADER | |
|---|---|
| fixed length control field | 01122nam a2200265 a 4500 |
| 001 - CONTROL NUMBER | |
| control field | 74109 |
| 003 - CONTROL NUMBER IDENTIFIER | |
| rucl marc code | BD-RjUL |
| 005 - DATE AND TIME OF LATEST TRANSACTION | |
| control field | 20211209082509.0 |
| 008 - FIXED-LENGTH DATA ELEMENTS--GENERAL INFORMATION | |
| fixed length control field | 180227s2016 bg abfd| b||| 00| 0 ben d |
| 020 ## - INTERNATIONAL STANDARD BOOK NUMBER | |
| International Standard Book Number | 9789848965528 |
| Terms of availability | Tk. 450.00 |
| 035 ## - SYSTEM CONTROL NUMBER | |
| System control number | (BD-RjUL)74327 |
| 040 ## - CATALOGING SOURCE | |
| Original cataloging agency | BD-RjUL |
| Language of cataloging | eng |
| Transcribing agency | BD-RjUL |
| 041 ## - LANGUAGE CODE | |
| Language code of text/sound track or separate title | ben |
| 082 ## - DEWEY DECIMAL CLASSIFICATION NUMBER | |
| Edition number | 23 |
| Classification number | 909 |
| Author mark and year | CHP 2016 |
| 100 1# - MAIN ENTRY--PERSONAL NAME | |
| Personal name | চট্টোপাধ্যয়, দেবীপ্রসাদ |
| 9 (RLIN) | 144366 |
| 245 10 - TITLE STATEMENT | |
| Title | পৃথিবীর ইতিহাস / |
| Statement of responsibility, etc. | দেবীপ্রসাদ চট্টোপাধ্যয়, |
| 260 ## - PUBLICATION, DISTRIBUTION, ETC. (IMPRINT) | |
| Place of publication, distribution, etc. | ঢাকা : |
| Name of publisher, distributor, etc. | হাওলাদার প্রকাশনী , |
| Date of publication, distribution, etc. | ২০১৬ |
| 300 ## - PHYSICAL DESCRIPTION | |
| Pagination | ৩৬০ পৃ. : |
| Illustrations | ছবি ; |
| Size | ২২ সেমি. |
| 504 ## - BIBLIOGRAPHY, ETC. NOTE | |
| Bibliography, etc | গ্রন্থপঞ্জি সম্বলিত |
| 650 ## - SUBJECT ADDED ENTRY--TOPICAL TERM | |
| Topical term or geographic name as entry element | বিশ্ব ইতিহাস |
| Form subdivision | পাঠ্যবইগুলি |
| 9 (RLIN) | 220300 |
| Topical term or geographic name as entry element | World history |
| Form subdivision | Textbooks. |
| 9 (RLIN) | 220301 |
| Topical term or geographic name as entry element | ইতিহাস |
| Form subdivision | অধ্যয়ন এবং শিক্ষণ |
| 9 (RLIN) | 220302 |
| Topical term or geographic name as entry element | History |
| Form subdivision | Study and teaching |
| 9 (RLIN) | 220303 |
| 942 ## - ADDED ENTRY ELEMENTS (KOHA) | |
| Source of classification or shelving scheme | Dewey Decimal Classification |
| Koha item type | Books |
| Lost status | Source of classification or shelving scheme | Damaged status | Not for loan | Collection code | Permanent Location | Current Location | Shelving location | Date acquired | Source of acquisition | Cost, normal purchase price | Total Checkouts | Full call number | Date last seen | Copy number | Koha item type | Total Renewals | Date checked out |
|---|---|---|---|---|---|---|---|---|---|---|---|---|---|---|---|---|---|
| Dewey Decimal Classification | Not For Loan | Non-fiction | Central Library, University of Rajshahi | Central Library, University of Rajshahi | Reading Room | 23/03/2017 | Rajshahi newshome | 450.00 | B 909 CHP 2016 | 27/02/2018 | C-1 | Books | |||||
| Dewey Decimal Classification | Non-fiction | Central Library, University of Rajshahi | Central Library, University of Rajshahi | 23/03/2017 | Rajshahi newshome | 450.00 | 13 | B 909 CHP 2016 | 06/08/2025 | C-2 | Books | 1 | 21/07/2025 | ||||
| Dewey Decimal Classification | Non-fiction | Central Library, University of Rajshahi | Central Library, University of Rajshahi | 23/03/2017 | Rajshahi newshome | 450.00 | 6 | B 909 CHP 2016 | 27/08/2024 | C-3 | Books | 1 | 28/05/2024 |